000 00729nam a2200205Ia 4500
005 20250508162020.0
008 008 250505s9999 xx 000 0 eng d
020 _a0-85038-104-5
037 _aTextual
040 _aFEDL
_beng
_cFEDL
041 _aeng
_2eng
084 _a371.397, SOC
_qFEDL
100 _aMcAleese Ray Ed.
_9772060
245 0 _aPersperctives on academic gaming and simulation 3 : Training and professional education
260 _aLondon, UK
_bSage Publications
_c1978
300 _a213p
546 _aThe proceedings of the 1977 conference of SAGSET, the society for academic gaming and simulation in education and training
942 _cTEXL
_h371.397, SOC
999 _c1373840
_d1373840